| 000 | 01709nam a2200433Ii 4500 | ||
|---|---|---|---|
| 001 | DIGFUNB0031 | ||
| 003 | NyNyDIG | ||
| 008 | 140701t20122012sp ob 000 0 spa d | ||
| 006 | m o d | ||
| 007 | cr ||||||||||| | ||
| 020 | _z9788493983086 | ||
| 020 | _z849398308X | ||
| 035 | _a(OCoLC)891306012 | ||
| 041 | 1 |
_aspa _hswe |
|
| 040 |
_aDGITA _beng _erda _epn _cDGITA |
||
| 050 | 1 | 4 | _aPT9767 eBook |
| 100 | 1 |
_aLagerlöf, Selma, _d1858-1940, _eauthor. |
|
| 240 | 1 | 0 |
_aHerrgårdssägen. _lSpanish |
| 245 | 1 | 3 |
_aLa leyenda de una casa solariega / _cSelma Lagerlöf ; traducción y postfacio de Elda García-Posada. |
| 250 | _aPrimera edición. | ||
| 264 | 1 |
_aMadrid : _bEditorial Funambulista, _cfebrero de 2012. |
|
| 264 | 4 | _c©2012 | |
| 300 | _a1 online resource (198 pages). | ||
| 336 |
_atext _btxt _2rdacontent |
||
| 337 |
_acomputer _bc _2rdamedia |
||
| 338 |
_aonline resource _bcr _2rdacarrier |
||
| 490 | 1 | _aGrandes clásicos | |
| 500 | _aOriginally published under the title: En herrgårdssägen. Stockholm, A. Bonnier 1899. | ||
| 588 | 0 | _aOnline resource; title from ePub and PDF title page (Digitalia, viewed July 5, 2014) | |
| 655 | 0 | _aElectronic books. | |
| 700 | 1 |
_aGarcía-Posada, Elda, _etranslator, _econtributor agent of text. |
|
| 791 | 2 |
_aDigitalia (Firm), _edistributor. |
|
| 793 | 0 |
_gDigitalia eBook Collection: _aEditorial Funambulista. |
|
| 776 | 0 | 8 |
_iPrint version: _aLagerlöf, Selma. _tLeyenda de una casa solariega. _dMadrid : Funambulista, 2012 _z9788493983086 |
| 830 | 0 | _aGrandes clásicos (Editorial Funambulista). | |
| 856 | 4 | 0 |
_3Digitalia Hispánica _uhttps://www.digitaliapublishing.com/a/20870/ |
| 910 | _aPremium Collection: 2013 | ||
| 942 | _cRAA | ||
| 999 |
_c237138 _d237138 |
||